| 000 | 00788nam a2200253 i 4500 | ||
|---|---|---|---|
| 001 | 91325 | ||
| 003 | ES-MaACL | ||
| 005 | 20230906180708.0 | ||
| 007 | t| | ||
| 008 | 050128s1968 sp ||||1| spa d | ||
| 080 | _a938 | ||
| 100 | 1 |
_aLévéque, Pierre. _971932 |
|
| 245 | 1 | 3 |
_aLa aventura griega / _cPierre Lévéque ; cartografía de Serge Bonin ; [traducción por Pedro Mulet]. |
| 260 |
_aBarcelona : _bLabor, _c1968. |
||
| 300 |
_aXV, 625 p., 23 lám. : _bil., mapas ; _c23 cm. |
||
| 490 | 1 | _aDestinos del mundo | |
| 504 | _aBibliografía: p. 541-546. | ||
| 651 | 4 |
_aGrecia- _xHistoria. _98777 |
|
| 700 | 1 |
_aBonin, Serge. _930196 |
|
| 700 | 1 |
_aMulet Cerdá, Pedro. _984105 |
|
| 830 | 1 |
_aDestinos del mundo _9231977 |
|
| 852 |
_aES-MaACL _jC-37921 |
||
| 999 |
_c91325 _d91325 |
||